|
|
|
|
| LEADER |
00000nam a2200000Ia 4500 |
| 008 |
170322b2009 cr ||||| |||| 00| | spa d |
| 999 |
|
|
|c 664
|d 664
|
| 020 |
|
|
|a 9789968818704
|
| 090 |
|
|
|a 06.03.06
|b 423
|
| 100 |
1 |
|
|a Castillo de Carvajal, Mayra
|9 2606
|
| 245 |
1 |
3 |
|a Lo difícil hecho fácil: matemática para la formación de docentes de educación primaria /
|c Mayra Castillo de Carvajal
|
| 260 |
|
|
|a San José, Costa Rica :
|b Coordinación Educativa y Cultural Centroamericana CEEC/SICA,
|c 2009
|
| 300 |
|
|
|a 140 páginas
|
| 490 |
|
|
|a Colección Pedagógica Formación Inicial de Docentes Centroamericanos de Educación Primaria o Básica;
|v 23
|
| 650 |
1 |
4 |
|a MATEMÁTICAS
|9 482
|
| 650 |
1 |
4 |
|a ENSEÑANZA
|9 14
|
| 650 |
1 |
4 |
|a CAPACITACIÓN
|9 729
|
| 650 |
1 |
4 |
|a DOCENTES
|9 331
|
| 650 |
1 |
4 |
|a ESTUDIANTES
|9 332
|
| 942 |
|
|
|i 002909
|h 06.03.06 423
|2 z
|c 01
|